000 00602 a2200217 4500
005 20260226120737.0
008 260226b |||||||| |||| 00| 0 eng d
020 _a9789371267069
_cRs. 545.00
040 _aMAIN
082 _a658.0072
_bP797S
100 _aPushpender Kumar
245 _aBusiness research methods
260 _bTaxmann Publications
_c2025
_aNew Delhi
300 _av.
500 _aA hands on approach with SPSS
650 _aBusiness- Research
650 _aResearch Strategies- Research
700 _aMokha, Anupreet Kaur
700 _aSharma, Sumit Kumar
942 _cBK
999 _c396972
_d396972